[Event "Zonal 2.5 Masculino Chile"]
[Site "Santiago de Chile CHI"]
[Date "2005.11.08"]
[Round "3.5"]
[White "Espinoza, Edgar"]
[Black "Arancibia, Eduardo"]
[Result "1/2-1/2"]
[WhiteElo "2256"]
[BlackElo "2414"]
[PlyCount "100"]
[EventDate "2005.11.07"]
[EventType "swiss"]
[EventRounds "9"]
[EventCountry "CHI"]
[Source "lmi"]
[SourceDate "2005.11.13"]

1. c4 Nf6 2. Nc3 g6 3. g3 Bg7 4. Bg2 O-O 5. e3 d6 6. Nge2 e5 7. d3 Nc6 8. O-O
Be6 9. Nd5 Qd7 10. Rb1 Bh3 11. e4 Bxg2 12. Kxg2 Nh5 13. f3 f5 14. Be3 Nd8 15.
exf5 gxf5 16. f4 c6 17. Ndc3 Nf7 18. d4 e4 19. d5 c5 20. b4 b6 21. a4 Nf6 22.
h3 h5 23. bxc5 dxc5 24. Qb3 Nd6 25. Nb5 Nxb5 26. Qxb5 Qxb5 27. Rxb5 Ne8 28. Rc1
Nd6 29. Rb3 Rfc8 30. Rc2 Rab8 31. Nc1 Bd4 32. Kf2 Kf7 33. Ne2 Bf6 34. Rb1 Rg8
35. Rg1 Rbc8 36. Nc1 Rg6 37. Ne2 Ke7 38. Rb1 h4 39. a5 hxg3+ 40. Kg2 Nb7 41.
axb6 a5 42. Nc3 Bxc3 43. Rxc3 Kd7 44. Rb5 Ra8 45. Bxc5 Nxc5 46. b7 Rb8 47. Rxc5
Rxb7 48. Rxa5 Rb2+ 49. Kg1 Rb1+ 50. Kg2 Rb2+ 1/2-1/2

[Event "Zonal 2.5 Masculino Chile"]
[Site "Santiago de Chile CHI"]
[Date "2005.11.08"]
[Round "3.7"]
[White "Bartucevic, Diego"]
[Black "Duarte, Leonardo"]
[Result "0-1"]
[WhiteElo "2053"]
[BlackElo "2397"]
[PlyCount "52"]
[EventDate "2005.11.07"]
[EventType "swiss"]
[EventRounds "9"]
[EventCountry "CHI"]
[Source "lmi"]
[SourceDate "2005.11.13"]

1. e4 c5 2. d3 Nc6 3. f4 d5 4. Be2 e6 5. Nf3 Nf6 6. e5 Nd7 7. c3 Be7 8. d4 f6
9. O-O Qb6 10. Kh1 O-O 11. b3 a5 12. a4 cxd4 13. cxd4 fxe5 14. fxe5 Rxf3 15.
Rxf3 Qxd4 16. Nc3 Ndxe5 17. Rh3 Qxd1+ 18. Bxd1 Nb4 19. Be3 Bf6 20. Bd4 Ned3 21.
Rxd3 Nxd3 22. Bxf6 gxf6 23. Bf3 Bd7 24. Nxd5 exd5 25. Bxd5+ Kg7 26. Bxb7 Rb8
0-1

[Event "Zonal 2.5 Masculino Chile"]
[Site "Santiago de Chile CHI"]
[Date "2005.11.08"]
[Round "3.9"]
[White "Rios, Adan"]
[Black "Romero, Claudio"]
[Result "1/2-1/2"]
[WhiteElo "2259"]
[BlackElo "2226"]
[PlyCount "79"]
[EventDate "2005.11.07"]
[EventType "swiss"]
[EventRounds "9"]
[EventCountry "CHI"]
[Source "lmi"]
[SourceDate "2005.11.13"]

1. e4 c5 2. Nf3 d6 3. d4 cxd4 4. Nxd4 Nf6 5. Nc3 a6 6. Bc4 e6 7. Bb3 Nbd7 8.
O-O Nc5 9. f4 Be7 10. f5 O-O 11. fxe6 fxe6 12. Qe2 Qc7 13. Kh1 Kh8 14. Bg5 b5
15. a3 Nxb3 16. Nxb3 h6 17. Bh4 Bd7 18. Rad1 a5 19. Nd4 b4 20. Ncb5 Qb6 21. a4
Rac8 22. h3 Qc5 23. Qd3 e5 24. Bxf6 Rxf6 25. Rxf6 Bxf6 26. Nb3 Qxc2 27. Nxd6
Qxd3 28. Rxd3 Rc7 29. Nb5 Bxb5 30. axb5 a4 31. Na5 Rc5 32. Rd5 a3 33. bxa3 Rc1+
34. Kh2 bxa3 35. Rd2 Rb1 36. Ra2 Be7 37. Nc6 Rb2 38. Ra1 Bc5 39. Na5 a2 40. b6
1/2-1/2

[Event "Zonal 2.5 Masculino Chile"]
[Site "Santiago de Chile CHI"]
[Date "2005.11.08"]
[Round "3.10"]
[White "Diaz, Robert"]
[Black "Richter Becerra, Hans"]
[Result "1-0"]
[WhiteElo "2250"]
[BlackElo "2144"]
[PlyCount "65"]
[EventDate "2005.11.07"]
[EventType "swiss"]
[EventRounds "9"]
[EventCountry "CHI"]
[Source "lmi"]
[SourceDate "2005.11.13"]

1. e4 c5 2. c3 g6 3. d3 Nc6 4. Nf3 d5 5. Nbd2 Bg7 6. g3 e6 7. Bg2 Nge7 8. O-O
O-O 9. Re1 b5 10. e5 Qb6 11. h4 h6 12. Nf1 Ba6 13. Bf4 Rad8 14. Qd2 Kh7 15. d4
b4 16. Ne3 bxc3 17. bxc3 Qa5 18. Ng4 Nf5 19. Nf6+ Bxf6 20. exf6 cxd4 21. g4
dxc3 22. Qc1 Nfd4 23. Bxh6 Nxf3+ 24. Bxf3 Nd4 25. Bg2 Rg8 26. Kh1 Ne2 27. Qg5
c2 28. Bf8 Rgxf8 29. Be4 c1=Q 30. Rexc1 Nxc1 31. Rxc1 Rc8 32. Rd1 Be2 33. Qh5+
1-0

[Event "Zonal 2.5 Masculino Chile"]
[Site "Santiago de Chile CHI"]
[Date "2005.11.08"]
[Round "3.12"]
[White "San Martin, Epiro"]
[Black "Henriquez, Mauricio"]
[Result "0-1"]
[WhiteElo "2193"]
[BlackElo "2090"]
[PlyCount "156"]
[EventDate "2005.11.07"]
[EventType "swiss"]
[EventRounds "9"]
[EventCountry "CHI"]
[Source "lmi"]
[SourceDate "2005.11.13"]

1. e4 e5 2. Nf3 Nc6 3. Bb5 a6 4. Ba4 Nf6 5. O-O b5 6. Bb3 Be7 7. Re1 d6 8. c3
O-O 9. h3 Nd7 10. d4 Bf6 11. a4 Bb7 12. Be3 Na5 13. Bc2 Nc4 14. Bc1 Re8 15. b3
Na5 16. d5 Nf8 17. Nbd2 c6 18. c4 b4 19. Nf1 Bc8 20. Ne3 c5 21. Bd3 g6 22. Ng4
Bxg4 23. hxg4 Bg7 24. g3 f6 25. Kg2 Ra7 26. Rh1 Rf7 27. Ra2 g5 28. Nd2 Ng6 29.
Nf1 h6 30. Ne3 Ne7 31. Re2 Bf8 32. Rh2 Rh7 33. Re1 Qd7 34. Reh1 Nb7 35. Be2 Nd8
36. Nf5 Nxf5 37. gxf5 Qg7 38. Bh5 Re7 39. Kf3 a5 40. Ke3 Nb7 41. Bg6 Rh8 42.
Kd3 Nd8 43. f4 Nf7 44. Qf3 Rd7 45. fxg5 Nxg5 46. Bxg5 fxg5 47. Be8 Rf7 48.
Bxf7+ Qxf7 49. f6 Qg6 50. Rf1 g4 51. Qf5 Qxf5 52. Rxf5 Kf7 53. Rh4 Rg8 54. Ke2
Rg6 55. Ke3 Rg8 56. Kf2 Rg6 57. Kg2 Rg8 58. Rhh5 Rg6 59. Kf2 Rg8 60. Rxe5 dxe5
61. Rxe5 Kxf6 62. Re6+ Kf7 63. Ra6 Bg7 64. Rxa5 Bd4+ 65. Ke2 Re8 66. Kd3 Bf2
67. Ra7+ Kg6 68. Ra6+ Kg5 69. Rc6 Bxg3 70. Rxc5 Be5 71. d6 Kf4 72. Rd5 g3 73.
Ke2 g2 74. d7 Rg8 75. Rd1 Bd4 76. Rxd4 g1=Q 77. d8=Q Qe3+ 78. Kd1 Rg1+ 0-1

[Event "Zonal 2.5 Masculino Chile"]
[Site "Santiago de Chile CHI"]
[Date "2005.11.08"]
[Round "3.13"]
[White "Torres, Cristobal"]
[Black "Vargas, Ivan"]
[Result "1/2-1/2"]
[WhiteElo "2190"]
[BlackElo "2213"]
[PlyCount "107"]
[EventDate "2005.11.07"]
[EventType "swiss"]
[EventRounds "9"]
[EventCountry "CHI"]
[Source "lmi"]
[SourceDate "2005.11.13"]

1. Nf3 Nf6 2. d4 e6 3. g3 c5 4. Bg2 cxd4 5. Nxd4 d5 6. O-O Bc5 7. b3 O-O 8. Bb2
Qe7 9. e3 Nbd7 10. Qe2 a6 11. c4 dxc4 12. Qxc4 Nb6 13. Qc2 Rd8 14. Rc1 Bd6 15.
h3 Rb8 16. Nd2 Bd7 17. e4 Rbc8 18. Nc4 Nxc4 19. bxc4 Be8 20. Nb3 Nd7 21. f4 b5
22. Qe2 Nc5 23. cxb5 Nxb3 24. axb3 Bxb5 25. Qg4 Qa7+ 26. Kh2 Bf8 27. f5 Rxc1
28. Rxc1 Qf2 29. Bc3 Be2 30. Qf4 Qxf4 31. gxf4 exf5 32. exf5 Rd1 33. Rxd1 Bxd1
34. Bf1 Bxb3 35. Bxa6 f6 36. Kg3 Bc5 37. Bd3 Kf7 38. h4 Ke7 39. Be4 Bc4 40. Kg4
Kd6 41. Bf3 Bb3 42. Bb2 Bd5 43. Be2 Be4 44. Bc4 h5+ 45. Kxh5 Bxf5 46. Bf7 Ke7
47. Bc4 Be3 48. Ba3+ Kd7 49. Bb5+ Ke6 50. Bc4+ Kd7 51. Bb5+ Kc7 52. Bf8 g6+ 53.
Kh6 Bxf4+ 54. Kg7 1/2-1/2

[Event "Zonal 2.5 Masculino Chile"]
[Site "Santiago de Chile CHI"]
[Date "2005.11.09"]
[Round "4.2"]
[White "Flores, Mauricio"]
[Black "Pierrot, Juan Facundo"]
[Result "0-1"]
[WhiteElo "2314"]
[BlackElo "2445"]
[PlyCount "64"]
[EventDate "2005.11.07"]
[EventType "swiss"]
[EventRounds "9"]
[EventCountry "CHI"]
[Source "lmi"]
[SourceDate "2005.11.13"]

1. Nf3 c5 2. e4 e6 3. d3 Nc6 4. g3 g6 5. Bg2 Bg7 6. O-O Nge7 7. Re1 d6 8. c3 e5
9. Nbd2 O-O 10. Nc4 b5 11. Ne3 Rb8 12. a3 h6 13. b4 Be6 14. Nd2 a5 15. Rb1 cxb4
16. axb4 axb4 17. cxb4 f5 18. Nd5 f4 19. h4 Qd7 20. Nxe7+ Qxe7 21. Nf1 Qa7 22.
gxf4 exf4 23. e5 f3 24. Bxf3 Nxe5 25. Rxe5 dxe5 26. Be3 Qf7 27. Nd2 Bd5 28. Bg4
Qe7 29. h5 Rbd8 30. Bh3 Be6 31. Bf1 Qh4 32. hxg6 Rf6 0-1

[Event "Zonal 2.5 Masculino Chile"]
[Site "Santiago de Chile CHI"]
[Date "2005.11.09"]
[Round "4.6"]
[White "Arancibia, Eduardo"]
[Black "Diaz, Robert"]
[Result "1-0"]
[WhiteElo "2414"]
[BlackElo "2250"]
[PlyCount "119"]
[EventDate "2005.11.07"]
[EventType "swiss"]
[EventRounds "9"]
[EventCountry "CHI"]
[Source "lmi"]
[SourceDate "2005.11.13"]

1. d4 Nf6 2. Nf3 d6 3. Nc3 Nbd7 4. e4 e5 5. g3 g6 6. Bg2 Bg7 7. O-O O-O 8. a4
Re8 9. Re1 exd4 10. Nxd4 a5 11. Ndb5 Ne5 12. Bg5 Bd7 13. Nd5 Bxb5 14. axb5 c6
15. bxc6 bxc6 16. Nxf6+ Bxf6 17. Bxf6 Qxf6 18. b3 Ra7 19. f4 Nd7 20. Qd2 Nc5
21. Rad1 Re6 22. Qf2 Qe7 23. Kf1 Ra8 24. Qd4 Re8 25. e5 dxe5 26. Rxe5 Rxe5 27.
Qxe5 Qf8 28. Qd6 Ne4 29. Qxf8+ Kxf8 30. Rd4 Nf6 31. h3 Re3 32. Rc4 Nd5 33. Kf2
Re6 34. Bxd5 cxd5 35. Rc5 d4 36. Rxa5 Rc6 37. Ra2 Rc3 38. b4 d3 39. cxd3 Rb3
40. Ke3 Rxb4 41. g4 Ke7 42. g5 Rb1 43. Ke4 Re1+ 44. Kd5 Rf1 45. Ra7+ Ke8 46.
Ke5 Rf3 47. d4 Rxh3 48. Kf6 Rf3 49. Re7+ Kf8 50. Rxf7+ Kg8 51. Rg7+ Kh8 52. Rd7
Rxf4+ 53. Ke6 Re4+ 54. Kf7 Rf4+ 55. Ke7 h5 56. d5 h4 57. d6 Rf5 58. Ra7 Re5+
59. Kf6 Re1 60. d7 1-0

[Event "Zonal 2.5 Masculino Chile"]
[Site "Santiago de Chile CHI"]
[Date "2005.11.09"]
[Round "4.8"]
[White "Maturana, Ignacio"]
[Black "Rios, Adan"]
[Result "1-0"]
[WhiteElo "2096"]
[BlackElo "2259"]
[PlyCount "61"]
[EventDate "2005.11.07"]
[EventType "swiss"]
[EventRounds "9"]
[EventCountry "CHI"]
[Source "lmi"]
[SourceDate "2005.11.13"]

1. e4 c5 2. Nc3 Nc6 3. f4 e6 4. Nf3 d5 5. g3 dxe4 6. Nxe4 Be7 7. Bg2 Nf6 8. Ne5
Nxe5 9. fxe5 Nd7 10. Qh5 Qc7 11. O-O Nxe5 12. d4 Ng6 13. dxc5 f5 14. Bf4 e5 15.
Nd6+ Bxd6 16. cxd6 Qxd6 17. Bxe5 Qc5+ 18. Kh1 O-O 19. Bc3 Rb8 20. Rad1 Be6 21.
a3 Rfd8 22. Rxd8+ Rxd8 23. Bxb7 Bc4 24. Re1 Qf2 25. Qf3 Qxc2 26. Qe3 Qa4 27.
Qc5 Bd3 28. Qc7 Qd7 29. Re8+ Nf8 30. Qxd8 Qxb7+ 31. Kg1 1-0

[Event "Zonal 2.5 Masculino Chile"]
[Site "Santiago de Chile CHI"]
[Date "2005.11.09"]
[Round "4.9"]
[White "Henriquez, Mauricio"]
[Black "Espinoza, Edgar"]
[Result "0-1"]
[WhiteElo "2090"]
[BlackElo "2256"]
[PlyCount "82"]
[EventDate "2005.11.07"]
[EventType "swiss"]
[EventRounds "9"]
[EventCountry "CHI"]
[Source "lmi"]
[SourceDate "2005.11.13"]

1. Nf3 c5 2. g3 Nc6 3. Bg2 e5 4. d3 d5 5. O-O f6 6. c4 Nge7 7. cxd5 Nxd5 8. Nc3
Be6 9. Bd2 Qd7 10. Nxd5 Bxd5 11. a4 Be7 12. Bc3 g5 13. a5 h5 14. Qa4 h4 15. a6
b6 16. Qb5 Rd8 17. Ra4 Nd4 18. Nxd4 exd4 19. Qxd7+ Rxd7 20. Bxd5 Rxd5 21. Bd2
Kd7 22. b3 Bd6 23. Ra2 g4 24. Kg2 Rdh5 25. Bf4 hxg3 26. Bxd6 Kxd6 27. Kxg3 Rh3+
28. Kf4 Ke6 29. Rg1 Rxh2 30. Rxg4 Rxf2+ 31. Kg3 Rhh2 32. Re4+ Kd6 33. Re8 Rhg2+
34. Kh3 Rg7 35. Ra1 Kd7 36. Rb8 Kc6 37. Re8 Kd5 38. Ra4 Rf5 39. Re4 Rg1 40. Kh2
Rg7 41. Rh4 Rf2+ 0-1

[Event "Zonal 2.5 Masculino Chile"]
[Site "Santiago de Chile CHI"]
[Date "2005.11.09"]
[Round "4.10"]
[White "Valdes, Alvaro"]
[Black "Avalos, Joao"]
[Result "1/2-1/2"]
[WhiteElo "2254"]
[BlackElo "2268"]
[PlyCount "60"]
[EventDate "2005.11.07"]
[EventType "swiss"]
[EventRounds "9"]
[EventCountry "CHI"]
[Source "lmi"]
[SourceDate "2005.11.13"]

1. c4 e6 2. Nc3 d5 3. d4 c6 4. cxd5 exd5 5. Bf4 Nf6 6. e3 Be7 7. Bd3 Nbd7 8. h3
Nf8 9. Nf3 Ng6 10. Bh2 O-O 11. O-O Re8 12. Rb1 a5 13. a3 Bd6 14. Bxd6 Qxd6 15.
Qc2 Nd7 16. Na4 Qf6 17. Nh2 b5 18. Nc5 Nb6 19. b3 a4 20. bxa4 Nxa4 21. Nxa4
Rxa4 22. Rfc1 Bd7 23. Ng4 Qd6 24. Qc5 Qxc5 25. Rxc5 f6 26. Bxg6 hxg6 27. Rb3
Rea8 28. Rcc3 Kf7 29. f3 Bxg4 30. hxg4 R4a6 1/2-1/2

[Event "Zonal 2.5 Masculino Chile"]
[Site "Santiago de Chile CHI"]
[Date "2005.11.09"]
[Round "4.11"]
[White "Silva, Rodolfo"]
[Black "Bartucevic, Diego"]
[Result "1-0"]
[WhiteElo "2179"]
[BlackElo "2053"]
[PlyCount "77"]
[EventDate "2005.11.07"]
[EventType "swiss"]
[EventRounds "9"]
[EventCountry "CHI"]
[Source "lmi"]
[SourceDate "2005.11.13"]

1. e4 c6 2. d4 d5 3. e5 Bf5 4. Nf3 e6 5. Bd3 Bxd3 6. Qxd3 Qb6 7. O-O c5 8. c4
Qa6 9. b3 Nc6 10. Nc3 O-O-O 11. Nb5 dxc4 12. Qxc4 cxd4 13. Bb2 Kb8 14. Bxd4 Rc8
15. Rac1 Nh6 16. Nxa7 Qxc4 17. Rxc4 Rc7 18. Bb6 Rd7 19. Nxc6+ bxc6 20. a4 Ba3
21. Nd4 Kb7 22. a5 Rc8 23. b4 Rd5 24. f4 Bb2 25. Nb3 Ka6 26. Rb1 Ba3 27. Nd4 c5
28. b5+ Kb7 29. Nc2 Rd3 30. Kf2 Rd2+ 31. Ke1 Rxc2 32. Rxc2 Nf5 33. Rc3 Bb4 34.
Rxb4 cxb4 35. a6+ Kxb6 36. Rxc8 Ne3 37. Rc6+ Ka7 38. Rc7+ Kb8 39. b6 1-0

[Event "Zonal 2.5 Masculino Chile"]
[Site "Santiago de Chile CHI"]
[Date "2005.11.09"]
[Round "4.12"]
[White "Richter Becerra, Hans"]
[Black "Torres, Cristobal"]
[Result "1/2-1/2"]
[WhiteElo "2144"]
[BlackElo "2190"]
[PlyCount "115"]
[EventDate "2005.11.07"]
[EventType "swiss"]
[EventRounds "9"]
[EventCountry "CHI"]
[Source "lmi"]
[SourceDate "2005.11.13"]

1. d4 Nf6 2. Nf3 e6 3. c4 d5 4. g3 c5 5. cxd5 Qxd5 6. Nc3 Qh5 7. Bg2 Nc6 8. Nb5
Rb8 9. Bf4 Be7 10. Bxb8 Nxb8 11. dxc5 O-O 12. O-O e5 13. e4 Bxc5 14. Rc1 Bb6
15. Nh4 Bg4 16. Bf3 Bxf3 17. Qxf3 Qxf3 18. Nxf3 Nxe4 19. Nxe5 f6 20. Nc4 Bc5
21. Nc3 Ng5 22. Kg2 Nc6 23. Rfe1 a6 24. h4 Nf7 25. Ne3 Nfe5 26. Rcd1 Nd4 27. f4
Nec6 28. a3 a5 29. Ne4 Ba7 30. Nd5 Rd8 31. Nec3 Kf7 32. Nc7 Nc2 33. Rxd8 Nxe1+
34. Kf1 Nxd8 35. Kxe1 Nc6 36. N7b5 Bb8 37. Ne4 Ke7 38. Nc5 Nd8 39. Ke2 g5 40.
hxg5 fxg5 41. Kf3 gxf4 42. gxf4 Bd6 43. Ne4 Nf7 44. Nd4 h6 45. Nf5+ Ke6 46.
Nexd6 Nxd6 47. Nxh6 Nc4 48. Ke4 Nxb2 49. f5+ Ke7 50. Kd4 Kf6 51. Kc5 b6+ 52.
Kb5 Kg5 53. Nf7+ Kxf5 54. Nd6+ Ke6 55. Nc8 a4 56. Nxb6 Kd6 57. Nxa4 Nxa4 58.
Kxa4 1/2-1/2

[Event "Zonal 2.5 Masculino Chile"]
[Site "Santiago de Chile CHI"]
[Date "2005.11.09"]
[Round "5.2"]
[White "Pierrot, Juan Facundo"]
[Black "Flores, Diego"]
[Result "0-1"]
[WhiteElo "2445"]
[BlackElo "2479"]
[PlyCount "70"]
[EventDate "2005.11.07"]
[EventType "swiss"]
[EventRounds "9"]
[EventCountry "CHI"]
[Source "lmi"]
[SourceDate "2005.11.13"]

1. e4 c5 2. Nf3 e6 3. d4 cxd4 4. Nxd4 Qb6 5. Nb3 Qc7 6. Bd3 a6 7. c4 Nf6 8. Qe2
d6 9. Nc3 Be7 10. O-O b6 11. Rd1 Bb7 12. Be3 O-O 13. Rac1 Nbd7 14. Bb1 Rac8 15.
Nd2 Rfe8 16. b3 d5 17. cxd5 exd5 18. Nf3 dxe4 19. Nxe4 Qb8 20. Rxc8 Qxc8 21.
Nxf6+ Nxf6 22. Bg5 Bc5 23. Qc2 Be4 24. Qb2 Bxf3 25. gxf3 Qh3 26. Bxf6 Qxf3 27.
Rd8 Rxd8 28. Bxd8 Qd1+ 29. Kg2 Qd5+ 30. Kf1 Qxd8 31. Qe2 g6 32. Bd3 b5 33. a4
Qd5 34. Kg1 Qg5+ 35. Kh1 Bxf2 0-1

[Event "Zonal 2.5 Masculino Chile"]
[Site "Santiago de Chile CHI"]
[Date "2005.11.09"]
[Round "5.4"]
[White "Lafuente, Pablo"]
[Black "Maturana, Ignacio"]
[Result "1-0"]
[WhiteElo "2421"]
[BlackElo "2096"]
[PlyCount "105"]
[EventDate "2005.11.07"]
[EventType "swiss"]
[EventRounds "9"]
[EventCountry "CHI"]
[Source "lmi"]
[SourceDate "2005.11.13"]

1. d4 Nf6 2. c4 c5 3. d5 b5 4. cxb5 a6 5. bxa6 Bxa6 6. Nc3 g6 7. Nf3 Bg7 8. g3
d6 9. Bg2 Nbd7 10. Rb1 O-O 11. b3 Qa5 12. Bd2 Ng4 13. Qc2 Rfb8 14. O-O Nge5 15.
Nxe5 Nxe5 16. a4 Qd8 17. Rfe1 Bc8 18. h3 Bf5 19. e4 Bc8 20. f4 Nd7 21. Kh2 Ba6
22. Na2 Qc8 23. Rec1 Qe8 24. Be3 Rc8 25. Qd1 h6 26. b4 cxb4 27. Nxb4 Nc5 28.
Bxc5 Rxc5 29. Rxc5 dxc5 30. Nc6 Bc8 31. e5 Bd7 32. Rc1 e6 33. Rxc5 exd5 34.
Bxd5 Bf8 35. Rc4 Ra6 36. Qc2 Kg7 37. Qc3 Kg8 38. a5 Be6 39. Qd4 Qd7 40. Bxe6
Qxe6 41. Qe4 Qd7 42. Rc2 Qe6 43. Qc4 Qxc4 44. Rxc4 Ba3 45. Kg2 Kf8 46. Kf3 Ke8
47. Ke4 Ra8 48. g4 Kd7 49. Kd5 h5 50. a6 Kc7 51. a7 hxg4 52. hxg4 Kb7 53. Rc3
1-0

[Event "Zonal 2.5 Masculino Chile"]
[Site "Santiago de Chile CHI"]
[Date "2005.11.09"]
[Round "5.6"]
[White "Espinoza, Edgar"]
[Black "Duarte, Leonardo"]
[Result "1/2-1/2"]
[WhiteElo "2256"]
[BlackElo "2397"]
[PlyCount "98"]
[EventDate "2005.11.07"]
[EventType "swiss"]
[EventRounds "9"]
[EventCountry "CHI"]
[Source "lmi"]
[SourceDate "2005.11.13"]

1. c4 Nf6 2. Nc3 g6 3. g3 Bg7 4. Bg2 O-O 5. e4 d6 6. Nge2 c5 7. d3 Nc6 8. h3
Ne8 9. O-O Nc7 10. b3 Ne6 11. Bb2 Ned4 12. Nxd4 Nxd4 13. f4 Rb8 14. Rb1 Qa5 15.
Rc1 b5 16. Rf2 Qd8 17. Nxb5 Nxb5 18. cxb5 Bxb2 19. Rxb2 Rxb5 20. d4 Qb6 21.
dxc5 Rxc5 22. Rxc5 Qxc5+ 23. Kh2 a5 24. Rc2 Qb6 25. Qg1 Qb4 26. Qa7 e5 27. fxe5
dxe5 28. Qc5 Qe1 29. Qxe5 Be6 30. Qc3 Qb1 31. Rd2 h5 32. h4 Kh7 33. Qxa5 Qe1
34. Rd5 Qa1 35. Rd6 Rc8 36. Qd2 Ra8 37. Qd4 Qxa2 38. b4 Qb1 39. Rd8 Rxd8 40.
Qxd8 Qxb4 41. Qf6 Qd2 42. Qf4 Qd4 43. e5 Qb2 44. Kh1 Qb1+ 45. Kh2 Qc2 46. Kg1
Qd1+ 47. Kh2 Qe2 48. Qe4 Qb2 49. Kh1 Qc1+ 1/2-1/2

[Event "Zonal 2.5 Masculino Chile"]
[Site "Santiago de Chile CHI"]
[Date "2005.11.09"]
[Round "5.7"]
[White "Sepulveda, Jorge"]
[Black "Valdes, Alvaro"]
[Result "0-1"]
[WhiteElo "2241"]
[BlackElo "2254"]
[PlyCount "194"]
[EventDate "2005.11.07"]
[EventType "swiss"]
[EventRounds "9"]
[EventCountry "CHI"]
[Source "lmi"]
[SourceDate "2005.11.13"]

1. e4 c5 2. Nf3 d6 3. d4 cxd4 4. Nxd4 Nf6 5. Nc3 a6 6. Bc4 e6 7. Bb3 b5 8. Bg5
Be7 9. Qf3 Qc7 10. e5 Bb7 11. exd6 Bxd6 12. Qe3 O-O 13. O-O-O Bc5 14. Bxf6 gxf6
15. Qh6 Re8 16. Rhe1 Bf8 17. Qxf6 Bg7 18. Nxe6 fxe6 19. Qf5 Kh8 20. Kb1 Nc6 21.
Bxe6 Nd4 22. Qg4 Nxe6 23. Rxe6 Rxe6 24. Qxe6 Rd8 25. Rxd8+ Qxd8 26. a3 a5 27.
Qg4 Bc6 28. f3 Be8 29. h4 Qe7 30. Qc8 Qd7 31. Qb8 Bxc3 32. bxc3 Qe7 33. Kb2 Kg7
34. Qb6 a4 35. Qd4+ Qf6 36. Qg4+ Kf8 37. h5 h6 38. Qb4+ Kg7 39. f4 Bf7 40. g4
Bc4 41. g5 hxg5 42. fxg5 Qxg5 43. h6+ Kxh6 44. Qf8+ Kh7 45. Qf2 Kg7 46. Qd4+
Kf7 47. Qd7+ Qe7 48. Qf5+ Ke8 49. Qc8+ Qd8 50. Qc6+ Qd7 51. Qa8+ Ke7 52. Qe4+
Be6 53. c4 bxc4 54. Qh4+ Kd6 55. Qf4+ Kc6 56. Qe5 Qd5 57. Qf6 Kc5 58. Kc3 Kb6
59. Kb2 Kc6 60. Kc3 Qd6 61. Kb2 Bd5 62. Qd4 Kb7 63. Qg7+ Qc7 64. Qc3 Qb6+ 65.
Ka2 Ka6 66. Ka1 Qa5 67. Qf6+ Qb6 68. Qc3 Be6 69. Qf6 Bd5 70. Qc3 Qg1+ 71. Kb2
Qb6+ 72. Ka1 Qd6 73. Kb2 Kb6 74. Ka1 Kc6 75. Kb2 Kd7 76. Qg7+ Qe7 77. Qc3 Ke6
78. Qh3+ Kf6 79. Qh4+ Kf7 80. Qh5+ Ke6 81. Qh3+ Ke5 82. Qg3+ Kf5 83. Qh3+ Kg6
84. Kb1 Qe1+ 85. Kb2 Qe5+ 86. Kb1 c3 87. Qg4+ Qg5 88. Qd4 Qd2 89. Qg4+ Kf6 90.
Qh4+ Ke6 91. Qg4+ Kd6 92. Qb4+ Ke5 93. Qe7+ Kf4 94. Qf6+ Ke3 95. Qe5+ Kf2 96.
Qf5+ Bf3 97. Qc5+ Kg2 0-1

[Event "Zonal 2.5 Masculino Chile"]
[Site "Santiago de Chile CHI"]
[Date "2005.11.09"]
[Round "5.8"]
[White "Rios, Adan"]
[Black "Rojas, Luis"]
[Result "1/2-1/2"]
[WhiteElo "2259"]
[BlackElo "2435"]
[PlyCount "130"]
[EventDate "2005.11.07"]
[EventType "swiss"]
[EventRounds "9"]
[EventCountry "CHI"]
[Source "lmi"]
[SourceDate "2005.11.13"]

1. e4 c5 2. Nf3 d6 3. c3 Nf6 4. Be2 g6 5. O-O Bg7 6. Re1 O-O 7. Bf1 Nc6 8. h3
e5 9. d4 cxd4 10. cxd4 exd4 11. Nxd4 Nxd4 12. Qxd4 Re8 13. Bg5 h6 14. Bxf6 Bxf6
15. Qd2 d5 16. Nc3 dxe4 17. Qxd8 Rxd8 18. Rxe4 Bf5 19. Re2 Rac8 20. g4 Bd3 21.
Re3 Bxf1 22. Kxf1 Rd2 23. Ne4 Bxb2 24. Rb1 Rdc2 25. Nd6 Rd8 26. Ne4 b6 27. Re2
Rxe2 28. Kxe2 Ba3 29. Rb3 Be7 30. Rc3 Rd7 31. f4 Rd4 32. Ke3 Ra4 33. Rc7 Bc5+
34. Nxc5 bxc5 35. Rxc5 Rxa2 36. Kf3 Ra3+ 37. Kg2 a5 38. Rc6 Kf8 39. Ra6 Ke7 40.
Kh2 a4 41. Kg2 Ra1 42. Kh2 a3 43. Kg2 a2 44. h4 h5 45. Ra7+ Kd6 46. f5 gxf5 47.
gxh5 f4 48. h6 f3+ 49. Kf2 Rh1 50. h7 Rxh4 51. Kxf3 Rxh7 52. Rxa2 Rh3+ 53. Kf4
Ke7 54. Ra7+ Kf6 55. Ra6+ Kg7 56. Rb6 f6 57. Rb8 Ra3 58. Rc8 Ra4+ 59. Kf5 Ra5+
60. Kf4 Kf7 61. Rb8 Ra1 62. Rc8 Rf1+ 63. Ke4 Ke6 64. Re8+ Kd6 65. Rd8+ Ke7
1/2-1/2

[Event "Zonal 2.5 Masculino Chile"]
[Site "Santiago de Chile CHI"]
[Date "2005.11.09"]
[Round "5.9"]
[White "Avalos, Joao"]
[Black "Silva, Rodolfo"]
[Result "1-0"]
[WhiteElo "2268"]
[BlackElo "2179"]
[PlyCount "61"]
[EventDate "2005.11.07"]
[EventType "swiss"]
[EventRounds "9"]
[EventCountry "CHI"]
[Source "lmi"]
[SourceDate "2005.11.13"]

1. d4 d5 2. Nf3 Nf6 3. g3 g6 4. Bg2 Bg7 5. c4 c6 6. O-O O-O 7. Nc3 Nbd7 8. cxd5
cxd5 9. Bf4 a6 10. Qb3 e6 11. Rfc1 Qb6 12. Qa3 Ne8 13. e4 dxe4 14. Nxe4 Ndf6
15. Nc5 Nd5 16. Bd2 Qd6 17. Qb3 b6 18. Ne4 Qe7 19. Nc3 Nef6 20. Bg5 Qd6 21. Ne5
Bb7 22. Bxf6 Bxf6 23. Ne4 Qe7 24. Nxf6+ Nxf6 25. Qxb6 Bxg2 26. Kxg2 Rab8 27.
Qxa6 Rxb2 28. Rab1 Qb4 29. Rxb2 Qxb2 30. Qc4 Nd5 31. Rc2 1-0

[Event "Zonal 2.5 Masculino Chile"]
[Site "Santiago de Chile CHI"]
[Date "2005.11.09"]
[Round "5.10"]
[White "Diaz, Robert"]
[Black "Henriquez, Mauricio"]
[Result "1-0"]
[WhiteElo "2250"]
[BlackElo "2090"]
[PlyCount "61"]
[EventDate "2005.11.07"]
[EventType "swiss"]
[EventRounds "9"]
[EventCountry "CHI"]
[Source "lmi"]
[SourceDate "2005.11.13"]

1. e4 e5 2. Nf3 Nc6 3. Nc3 Nf6 4. g3 Be7 5. d4 exd4 6. Nxd4 O-O 7. Bg2 Nxd4 8.
Qxd4 d6 9. O-O c6 10. Bf4 Nh5 11. Be3 f5 12. exf5 Bf6 13. Qd1 Bxc3 14. bxc3 Nf6
15. g4 h5 16. h3 Qa5 17. Bd4 hxg4 18. hxg4 c5 19. Bxf6 Rxf6 20. Bd5+ Kf8 21.
Qd3 Qa4 22. c4 Bd7 23. Kg2 Re8 24. Rae1 Bc6 25. Rxe8+ Kxe8 26. Re1+ Kd8 27. g5
Rf8 28. Re6 Kd7 29. Rg6 Rf7 30. Kh2 Re7 31. Bg8 1-0

[Event "Zonal 2.5 Masculino Chile"]
[Site "Santiago de Chile CHI"]
[Date "2005.11.09"]
[Round "5.11"]
[White "Vargas, Ivan"]
[Black "Richter Becerra, Hans"]
[Result "1/2-1/2"]
[WhiteElo "2213"]
[BlackElo "2144"]
[PlyCount "144"]
[EventDate "2005.11.07"]
[EventType "swiss"]
[EventRounds "9"]
[EventCountry "CHI"]
[Source "lmi"]
[SourceDate "2005.11.13"]

1. d4 Nf6 2. Nf3 e6 3. c4 b6 4. g3 Ba6 5. b3 Bb7 6. Bg2 Bb4+ 7. Bd2 a5 8. O-O
O-O 9. Bc3 Ne4 10. Bb2 f5 11. Ne5 Be7 12. Qc2 d6 13. Nd3 Qc8 14. Nf4 Nc6 15. a3
Nd8 16. f3 Nf6 17. Nc3 e5 18. Nfd5 Bxd5 19. Nxd5 Nxd5 20. cxd5 exd4 21. Bxd4
Bf6 22. Rad1 c5 23. dxc6 Qxc6 24. Qxc6 Nxc6 25. Bxb6 Rab8 26. Bc7 Rxb3 27. f4
Rc3 28. Bd5+ Kh8 29. Bxc6 Rxc6 30. Bxa5 Bc3 31. Rd5 Rc5 32. Rxc5 Bd4+ 33. Kg2
Bxc5 34. Bb4 Ra8 35. Rc1 g6 36. Kf3 Bxb4 37. axb4 Ra3+ 38. e3 Rb3 39. Rc4 d5
40. Rd4 Kg7 41. Ke2 Kf6 42. h3 h5 43. Rxd5 Rxb4 44. Rd6+ Kf7 45. Kf3 Rb3 46.
Rd1 Rb2 47. g4 hxg4+ 48. hxg4 Ke6 49. g5 Ra2 50. Rh1 Kf7 51. Rh7+ Kf8 52. Rd7
Rb2 53. Rd6 Kf7 54. Rf6+ Kg7 55. Re6 Kf7 56. Re5 Ra2 57. Rb5 Ke6 58. Rb7 Ra6
59. Rg7 Kd5 60. Rg8 Rb6 61. Re8 Rb2 62. Re5+ Kd6 63. e4 Rb3+ 64. Ke2 fxe4 65.
Rxe4 Kd7 66. Re3 Rb5 67. Kf3 Kd6 68. Kg4 Ra5 69. Re8 Kd7 70. Rf8 Ra6 71. Rh8
Ke7 72. Rh7+ Kf8 1/2-1/2